000 01151nam a22002657a 4500
005 20090121151350.0
008 090121t xxu||||| |||| 00| 0 hin d
010 _aHIN-93832
020 _c175.00
_a9789380208084
035 _aHN-66178
037 _bDBAD /PUB
040 _aDPL
_bHN
082 _a
100 _933818
_aसिन्हा, गीता
245 _aखोया चाँद तथा अन्य कहानियाँ /
_cगीता सिन्हा
246 _aKhoya Chand tatha anya Kahaniyan
_bby Geeta Sinha
260 _aदिल्ली
_bराही प्रकाशन
_c2011
270 _aएल-45, गली नं-5, करतार नगर
_bदिल्ली
_e110053
300 _a107पृ.
_c22सेमी (सजिल्द)
650 _9697
_aलघु कथाएँ, हिन्दी
650 _933922
_aShort Stories, Hindi
700 _933853
942 _2ddc
_cHN
_mसिन्हागी
_h
999 _c56139
_d56139